000 00423nam a2200157 i 4500
001 55230
003 ES-MaACL
005 20230906163115.0
007 t|
008 030916s1910 ag ||||1| spa d
100 1 _aDellepiane, Antonio.
_943540
245 1 3 _aLa universidad y la vida /
_cAntonio Dellepiane.
260 _aBuenos Aires :
_bConi Hermanos,
_c1910.
300 _a250 p. ;
_c19 cm.
852 _aES-MaACL
_jF-7969
999 _c55230
_d55230